Qua một chặng đường phát triển và đổi mới trong âm nhạc : Âm nhạc giữa hai kỳ Đại hội Đảng /
Gardado en:
| Autor Principal: | |
|---|---|
| Formato: | Artigo |
| Idioma: | Vietnamese |
| Những chủ đề: | |
| Các nhãn: |
Engadir etiqueta
Sen Etiquetas, Sexa o primeiro en etiquetar este rexistro!
|
| Thư viện lưu trữ: | Thư viện Trường Đại học Đà Lạt |
|---|
| LEADER | 00737nam a2200241 4500 | ||
|---|---|---|---|
| 001 | DLU090100639 | ||
| 005 | ##20091202 | ||
| 040 | # | # | |a DLU |b vie |
| 041 | # | # | |a vie |
| 044 | # | # | |a vn |
| 100 | # | # | |a Tú Ngọc. |
| 245 | # | # | |a Qua một chặng đường phát triển và đổi mới trong âm nhạc : |b Âm nhạc giữa hai kỳ Đại hội Đảng / |c Tú Ngọc. |
| 653 | # | # | |a Âm nhạc |
| 773 | # | # | |t Văn hoá Nghệ thuật |g Số 1, 1991, tr. 51-53 |
| 920 | # | # | |a Phòng Tạp chí -- Trung tâm Thông tin - Thư viện Trường Đại học Đà Lạt |
| 994 | # | # | |a DLU |
| 900 | # | # | |a True |
| 911 | # | # | |a Đào Thị Thu Huyền |
| 925 | # | # | |a G |
| 926 | # | # | |a A |
| 927 | # | # | |a BB |
| 980 | # | # | |a Thư viện Trường Đại học Đà Lạt |